Statistics for Superbowl Coaches who passed away

Click here to take the quiz!

General Stats

  • This quiz has been taken 9 times
  • The average score is 9 of 17

Answer Stats

YODAODCoach% Correct
201482Chuck Noll
86%
202090Don Shula
86%
200075Tom Landry
86%
197057Vince Lombardi
86%
202185John Madden
71%
200775Bill Walsh
57%
200582Hank Stram
57%
199891Weeb Ewbank
57%
202277Dan Reeves
43%
197453Don McCafferty
43%
201985Forrest Gregg
43%
202171Jim Fassel
43%
200880John Rauch
43%
199072George Allen
29%
201789Red Miller
29%
202074Sam Wyche
29%
198757Ray Malavasi
14%

Score Distribution

Percentile by Number Answered

Percent of People with Each Score

Your Score History

You have not taken this quiz